00365nam a2200121Ia 4500008004100000082002000041100001900061245001900080260003800099300001000137630001800147650007800165211109s9999||||xx |||||||||||||| ||und|| a894.8123bBHA-K aBhasi, Thoppil 0aKoottu Kudubam bUnknown PublisheraNo Placec1984 a158p. xGeneral Stack aMalayalam LiteraturevMalayalam fictionxMalayalam NovelsFICTIONGeneralia